00388ntaaa2200145 45000030003000000050017000030080021000200400037000410820017000781000020000952450035001152500062001503000011002126500019002230120251027201944.00714s1973 ag 01  aAR-BaBNbspacAR-BaBNeaacrdRIC a248.0000 G79 aGray, James M.  aSlavation from start to finish a1 ed. : bBible Institute Colportage Association, cc/911 a128 p. aVida Cristiana